000 00680nam a22002417a 4500
003 UA-OsUOA
001 40852
007 ta
008 20060901b un ||||| |||| 00| 0 ukr d
100 _aУнгурян Т.
090 _a821.161.2
_bУ58
942 _cBK
040 _aUA-OsUOA
_bukr
_cUA-OsUOA
_dUA-OsUOA
245 _aМонолог перед обличчям брата
_bдокументальна повість
300 _a80 с.
955 _a3
041 _aukr
080 _a821.161.2
020 _a966-7551-81-4
260 _aК.
_bПросвіта
_c2003
650 7 _a82 Література. Літературознавство
_2UDC
999 _c326990
_d326990